000 00872nab a2200253 u 4500
001 16007
003 HDC
007 cr bn ---aaaaa
008 210220c |r|noo 0 a d
040 _aHDC
100 _aShanmuganathan, Thanusya,
_eauthor
_915982
245 0 _aTaiwan eyes halal food industry via pact with M'sia /
_cby Thanusya Shanmuganathan
260 _aPetaling Jaya :
_bTMR Media Sdn Bhd,
_c2012
336 _atext
_2rdacontent
337 _acomputer
_2rdamedia
338 _aonline resource
_2rdacarrier
650 _aExport
_94753
650 _aHalal food industry
_9128
710 _aThe Malaysian Reserve
856 _zRequest full-text at [email protected]
942 _2lcc
942 _cNEWS
942 _kNWSO 009018
999 _c13323
_d13323